F1 2026 Fahrer Bilderquiz Teil 1 - Statistiken

Allgemein
  • Dieses Quiz wurde 72 mal gespielt
  • Das Durchschnittsergebnis liegt bei 10 aus 11
Antwortstatistiken
Bildquiz Antwort % Korrekt
Norris
100%
Alonso
98%
Bottas
98%
Hülkenberg
98%
Leclerc
98%
Verstappen
98%
Piastri
97%
Bearman
89%
Russell
89%
Bortoleto
86%
Lindblad
77%
Keine übereinstimmenden Quizze gefunden
Verteilung der Resultate
Anzahl Personen mit jedem Resultat
Perzentil nach korrekt beantworteten Fragen
Ihre Resultats-Entwicklung
Sie haben dieses Quiz noch nicht gespielt